| 000 | 00374nam a22001577a 4500 | ||
|---|---|---|---|
| 005 | 20180604105844.0 | ||
| 008 | 160621b xxu||||| |||| 00| 0 eng d | ||
| 041 | _aeng | ||
| 082 |
_b8793 _a519.5 |
||
| 100 |
_aDe, Dr,S.N _92390 |
||
| 245 | _aBusiness Mathematic and Statistics | ||
| 260 |
_bScholor Books _c2009 |
||
| 300 | _a681 | ||
| 650 |
_aManagement _9241 |
||
| 942 | _cBK | ||
| 999 |
_c3425 _d3424 |
||